"Γυναικεία πρόσωπα" στην Ιλιάδα
Αποθηκεύτηκε σε:
| Κύριος συγγραφέας: | |
|---|---|
| Μορφή: | Βιβλίο |
| Γλώσσα: | Greek |
| Δημοσίευση: |
Αθήνα :
Γρηγόρης,
2001
|
| Θέματα: | |
| Ετικέτες: |
Προσθήκη ετικέτας
Δεν υπάρχουν, Καταχωρήστε ετικέτα πρώτοι!
|
MARC
| LEADER | 00000cam a2200000 i 4500 | ||
|---|---|---|---|
| 001 | 1/48004 | ||
| 008 | 040204s2001 gre d | ||
| 020 | |a 960-333-266-6 | ||
| 035 | |l 10072176 | ||
| 040 | |a GR-MY-UA |b gre |e aacr | ||
| 041 | 0 | |a gre | |
| 082 | 0 | |a 304.40901 | |
| 100 | 1 | |a Μπαρδάνη-Σημαντήρη, Σοφία Ν. | |
| 245 | 1 | 0 | |a "Γυναικεία πρόσωπα" στην Ιλιάδα / |c Σοφία Μπαρδάνη-Σημαντήρη |
| 260 | |a Αθήνα : |b Γρηγόρης, |c 2001 | ||
| 300 | |a 119 σ. | ||
| 650 | 0 | 0 | |a Women |x History |y To 500. |
| 650 | 0 | 0 | |a Women in literature. |
| 852 | |a INST |b RHODES |e 20040204 |h 305.40901 ΜΠΑ |p 005400019803 |q 005400019803 |t BK |y 0 | ||
| 901 | |a BIBL4-2004-1 | ||
| 909 | |a Ρ |b 105016 | ||
| 970 | |a ΚΟΥΛΑΚΙΟΤΗ |b ΛΙΤΣΑ |z 2004/02/04 | ||